000 00630nam a22001817a 4500
005 20230904091020.0
008 230904b |||||||| |||| 00| 0 eng d
020 _a9789385 360985
041 _aeng
082 _a720.92
_bKOC
100 _aKoch E
_9204552
245 _aPlanetary King: Humayun Padshah Inventor And Visionary On The Mughal Throne
260 _aAhmedabad
_bMapin Publishing
_c2022
300 _a384p
_bHb
_c31 x 25
365 _aINR
_b2488.50
_cRupaye
500 _aThe Plsnetary Kng Assements Of Humahun Humayun's Life Humahun's Inventions Humahun's Tomp: Invention And Memorial Of The Padshah
942 _cBK
999 _c356040
_d356040